00828nam a2200205 a 450000100060000000300090000600800410001504000280005608200290008410000420011324500460015526000530020149000610025459000500031565000390036565000250040494200120042999900170044195201640045817864CO-ViMGA141112s2004 ck r 000 u spa d aCO-ViMGAbspacCO-ViMGA04aAV639.7546 H641l (VIDEO)1 aHogares juveniles campesinos, 92529210aLombricultura . Características (Video) aBogotá, cHogares juveniles campesinos, c2002 aVideoteca del campo . Granja integral autosuficiente ; 8 aForma de adquisición : Prooyecto Mincultura14aCRIA DE LOMBRICES DE TIERRA92529314aLOMBRICULTURA 95000 2ddccBK c27288d27288 00102ddc40708003aMEVIECARbMEVIECARd2015-12-04hVolumen. 8 | 15/sep/2010l0oAV639.7546 H641l (VIDEO) p23649r2015-12-04 00:00:00tEj. 2w2015-12-04yBK